00611naa a2200181 a 450000100080000000500110000800800410001910000140006024500910007426000090016530000100017465300110018465300200019565300110021565300240022670000160025077301630026610388272005-08-25 1990 bl uuuu u00u1 u #d1 aSILVA, E. aA cultura do pepino (Cucumis sativus L.) como alternativa de sucessao a cebolicultura. c1990 ap.98. aCebola aCucumis sativus aPepino aSucessao de cultura1 aMARTINS, M. tIn: ENCONTRO DE HORTALICAS DA REGIAO SUL, 7, e ENCONTRO DE PLASTICULTURA DA REGIAO SUL, 4., 1990, Balneario Camboriu, SC. Resumos... Florianopolis: SOB, 1990.